LIBRARY & INFORMATION CENTRE, KCAET, TAVANUR

ONLINE PUBLIC ACCESS CATALOGUE (OPAC)

Common mistakes in English / (Record no. 4873)

MARC details
000 -LEADER
fixed length control field 00349cam a2200145ua 4500
041 ## - LANGUAGE CODE
Language code of text/sound track or separate title eng
082 ## - DEWEY DECIMAL CLASSIFICATION NUMBER
Classification number 415
Item number FIT/CO
100 ## - MAIN ENTRY--AUTHOR NAME
Personal name Fitikides, T.J .
245 ## - TITLE STATEMENT
Title Common mistakes in English /
260 ## - PUBLICATION, DISTRIBUTION, ETC. (IMPRINT)
Place of publication London :
Name of publisher Longman ,
Year of publication 1962.
300 ## - PHYSICAL DESCRIPTION
Number of Pages 154 ; .
942 ## - ADDED ENTRY ELEMENTS (KOHA)
Koha item type Books
Holdings
Withdrawn status Lost status Damaged status Home library Current library Date acquired Cost, normal purchase price Full call number Accession Number Koha item type
Withdrawn     KAUAET KAUAET 07/04/2012 3.40 415 818 Books
Withdrawn     KAUAET KAUAET 22/01/2021   415 FIT/CO 4000 Books
free website counter